00390nam a2200157Ia 4500020001800000082001800018100002200036245002300058260002800081300001100109440003800120650002400158650001300182650001600195710002100211 a0-8264-6580-3 a001.433 TOR-S aTorgerson, Carole 0aSystematic reviews aLondonbContinuumc2005 ax, 102 aContinuum research methods series aEducationvResearch aResearch aMethodology aAndrews, Richard